| 000 | 01262nam a22002657a 4500 | ||
|---|---|---|---|
| 005 | 20090316110612.0 | ||
| 008 | 090316t xxu||||| |||| 00| 0 hin d | ||
| 010 | _aHIN-90961 | ||
| 020 |
_c100.00 _a9788128827044 |
||
| 035 | _aHN-63307 | ||
| 037 | _bDBAD / PUB | ||
| 040 |
_aDPL _bHN |
||
| 082 | _a181.499 | ||
| 100 |
_924114 _aमहाप्रज्ञ |
||
| 245 |
_aकैसे हो सकता है शुभ भविष्य का निर्माण / _cआचार्य महाप्रज्ञ |
||
| 246 |
_aKaisa ho sakta hai shubh bhvisaya ka Nirman _bby Acharya Mahapragya |
||
| 260 |
_aनई दिल्ली _bडायमंड पॉकेट बुक्स _c2010 |
||
| 270 |
_aX-30, ओखला इंडस्ट्रियल एरिया, फेज-11 _bनई दिल्ली _e110020 _k011- 41611861 _l011- 41611866 _msales@dpb.in |
||
| 300 |
_a181पृ. _c22सेमी (अजिल्द) |
||
| 650 | _91169 | ||
| 700 | _924212 | ||
| 700 | _924219 | ||
| 942 |
_2ddc _cHN _mमहाप्र _h181.499 |
||
| 999 |
_c48584 _d48584 |
||